[Event "Minsk Amateur op"]
[Site "Minsk"]
[Date "2018.07.01"]
[Round "9"]
[White "Dyatlov, Oleg"]
[Black "Huryn, Valiantsin"]
[Result "0-1"]
[WhiteElo "1729"]
[BlackElo "1953"]
[PlyCount "70"]
[EventDate "2018.06.25"]
[EventType "swiss"]
[EventRounds "9"]
[EventCountry "BLR"]
[SourceTitle "CBM 185 Extra"]
[Source "ChessBase"]
[SourceDate "2018.07.29"]
[SourceVersion "1"]
[SourceVersionDate "2018.07.29"]
[SourceQuality "1"]

1. c4 c5 2. Nf3 Nf6 3. d4 cxd4 4. Nxd4 e5 5. Nc2 b5 6. cxb5 Bb7 7. Bg5 d5 8. e3 Be7 9. Be2 0-0 10. 0-0 a6 11. Nc3 axb5 12. Nxb5 Na6 13. Bh4 Re8 14. a4 Nc5 15. Ne1 Nfe4 16. Bxe7 Qxe7 17. Nd3 Ra6 18. Nxc5 Nxc5 19. b4 Ne4 20. f3 Ng5 21. Rc1 Rg6 22. Kh1 Ne6 23. Qe1 d4 24. e4 Nf4 25. Rc7 Qg5 26. Qf2 d3 27. Bd1 Bc8 28. Bb3 Be6 29. Bxe6 fxe6 30. h4 Rh6 31. g3 Rd8 32. Rg1 Ne2 33. Qh2 Qf6 34. Rf1 d2 35. Nc3 Nxc3 0-1

[Event "Minsk Amateur op"]
[Site "Minsk"]
[Date "2018.06.27"]
[Round "4"]
[White "Spizharny, Mikhail"]
[Black "Dyatlov, Oleg"]
[Result "1/2-1/2"]
[WhiteElo "2015"]
[BlackElo "1729"]
[PlyCount "60"]
[EventDate "2018.06.25"]
[EventType "swiss"]
[EventRounds "9"]
[EventCountry "BLR"]
[SourceTitle "CBM 185 Extra"]
[Source "ChessBase"]
[SourceDate "2018.07.29"]
[SourceVersion "1"]
[SourceVersionDate "2018.07.29"]
[SourceQuality "1"]

1. e4 c6 2. d4 d5 3. e5 Bf5 4. h4 h6 5. g4 Bd7 6. h5 e6 7. Ne2 c5 8. f4 Nc6 9. Nd2 Qb6 10. Nf3 cxd4 11. Nexd4 Nxd4 12. Nxd4 Bc5 13. c3 Ne7 14. Rb1 Bxd4 15. Qxd4 Qxd4 16. cxd4 Nc6 17. Be3 Nb4 18. a3 Nc2+ 19. Kd2 Nxe3 20. Kxe3 Rc8 21. Bd3 a6 22. f5 Ke7 23. Rhf1 Bb5 24. f6+ gxf6 25. Rxf6 Bxd3 26. Kxd3 Rh7 27. b3 Rg8 28. Rc1 Kd7 29. Rcf1 Ke7 30. R1f4 Rc8 1/2-1/2